<?xml version="1.0" encoding="UTF-8"?>
<collection xmlns="http://www.loc.gov/MARC21/slim">
 <record>
  <leader>01551nam a2200193Ia 4500</leader>
  <controlfield tag="001">CTU_17121</controlfield>
  <controlfield tag="008">210402s9999    xx            000 0 und d</controlfield>
  <datafield tag="082" ind1=" " ind2=" ">
   <subfield code="a">808.883</subfield>
  </datafield>
  <datafield tag="082" ind1=" " ind2=" ">
   <subfield code="b">Kh507</subfield>
  </datafield>
  <datafield tag="100" ind1=" " ind2=" ">
   <subfield code="a">Nguyễn Văn Khuê</subfield>
  </datafield>
  <datafield tag="245" ind1=" " ind2="0">
   <subfield code="a">Mây trắng đường trường chinh</subfield>
  </datafield>
  <datafield tag="245" ind1=" " ind2="0">
   <subfield code="b">Hồi ký</subfield>
  </datafield>
  <datafield tag="245" ind1=" " ind2="0">
   <subfield code="c">Nguyễn Văn Khuê</subfield>
  </datafield>
  <datafield tag="260" ind1=" " ind2=" ">
   <subfield code="a">Hà Nội</subfield>
  </datafield>
  <datafield tag="260" ind1=" " ind2=" ">
   <subfield code="b">Văn nghệ</subfield>
  </datafield>
  <datafield tag="260" ind1=" " ind2=" ">
   <subfield code="c">1997</subfield>
  </datafield>
  <datafield tag="520" ind1=" " ind2=" ">
   <subfield code="a">Sách là một chuỗi hồi kí của tác giả đánh giá về cả cuộc đời chiến đấu của mình, sau 50 năm nhìn lại. Từ thân phận người dân nô lệ dưới thời thực dân Pháp và quân phiệt Nhật, đến phong trào Việt Minh nổi lên, sau đó là những hành động cách mạng tiền khởi nghĩa, cho tới Hiệp định Genève 1954, đất nước tạm thời bị phân chia, rồi những hoạt động tình báo ở Sài Gòn và cuối cùng cuộc chiến đấu thần thánh của dân tộc đưa đất nước đến Hòa Bình, Thống Nhất vĩnh viễn. Trong vài chương của hối kí này, còn bàng bạc ẩn hiện một mối tình đầu của tuổi đôi mươi mà tác giả không còn tìm gặp lại sau khi đất nước hòa bình.</subfield>
  </datafield>
  <datafield tag="650" ind1=" " ind2=" ">
   <subfield code="a">vietnamese literature - biography</subfield>
  </datafield>
  <datafield tag="980" ind1=" " ind2=" ">
   <subfield code="a">Trung tâm Học liệu Trường Đại học Cần Thơ</subfield>
  </datafield>
 </record>
</collection>
